|
|
|
|
| LEADER |
00000cam a2200000 7i4500 |
| 001 |
0000001226 |
| 005 |
20011031.0 |
| 090 |
0 |
0 |
|a 634.92595115
|b SUS (199 )
|
| 245 |
0 |
0 |
|a SUSTAINABLE management of forest resources in the state of Selangor
|
| 260 |
0 |
0 |
|a (Sah Alam, Selangor) :
|b State Forestry Department Selangor ,
|c (199 )
|
| 300 |
|
|
|a 40 p. :
|b col. ill., maps ;
|c 24 cm.
|
| 650 |
0 |
0 |
|a Forest management
|z Selangor
|
| 650 |
0 |
0 |
|a Sustainable forestry
|z Selangor
|
| 710 |
1 |
1 |
|a Selangor ,
|c State Forestry Department
|
| 998 |
|
|
|a JPSM
|
| 999 |
|
|
|a 0000002576
|b Monograph
|c Open Shelf
|e Default branch
|
| 999 |
|
|
|a 0000005862
|b Monograph
|c Open Shelf
|e Default branch
|
| 999 |
|
|
|a 0000005863
|b Monograph
|c Open Shelf
|e Default branch
|
| 999 |
|
|
|a 0000005864
|b Monograph
|c Open Shelf
|e Default branch
|